American Idol Judges Quiz Stats

Quiz Updated Jan 7, 2015

Challenge
Share
Tweet
Embed
Score 0/11 Timer 01:00
4 Plays Today
Season Judge % Correct
1-9Simon Cowell
98.7%
1-12Randy Jackson
95.3%
1-8Paula Abdul
95%
10-11, 13-14Jennifer Lopez
86.1%
10-11Steven Tyler
78.1%
9Ellen DeGeneres
69.6%
12-14Keith Urban
56.7%
12Mariah Carey
55.9%
12Nicki Minaj
55.1%
8-9Kara DioGuardi
47.1%
13-14Harry Connick, Jr
45.5%

You're not logged in!

Compare scores with friends on all Sporcle quizzes.
Sign Up with Email
OR
Log In

You Might Also Like...

Show Comments

Extras

Top Quizzes Today


Score Distribution

Your Account Isn't Verified!

In order to create a playlist on Sporcle, you need to verify the email address you used during registration. Go to your Sporcle Settings to finish the process.